000 00752nmc a2200289 a 4500
003 AR-BaBNM
005 20251128202648.0
008 024120s1986 ||||||||||||||000 | spa||
020 _a950-23-0295-8
040 _cAR-BaBNM
100 1 _aHernández, José
245 1 0 _aMartín Fierro
250 _a9ª ed.
260 _aBuenos Aires
_bEudeba
_c1986
300 _a158 p.
_bil.
490 0 _aArte para todos
650 4 _aLITERATURA ARGENTINA
650 4 _aHISTORIA DE LAS COSTUMBRES
650 4 _aCOSTUMBRES Y TRADICIONES
650 4 _aLITERATURA POPULAR
650 4 _aLITERATURA FOLKLORICA
653 _aLITERATURA GAUCHESCA
655 _aLITERATURA
700 1 _aCastagnino, Juan Carlos
_eilustrador
942 _cBK
998 _ccalidad
999 _c24
_d24